Celebrity Name Changers Quiz Stats

 Plays Quiz not verified by Sporcle

Challenge
Share
Tweet
Embed
Score 0/100 Timer 10:00
0 Plays Today
Real Name Stage Name % Correct
Destiny Hope CyrusMiley Cyrus
95.2%
Jennifer Joanna AnastassakisJennifer Aniston
95.2%
John Francis BongioviJon Bon Jovi
81%
Cassius Marcellus Clay, JrMuhammed Ali
76.2%
Stefani Joanne Angelina Germanotta Lady Gaga
71.4%
Reginald Kenneth DwightElton John
71.4%
Norma Jean Mortensen BakerMarilyn Monroe
71.4%
Marshall Bruce Mathers IIIEminem
71.4%
Natalie HershlagNatalie Portman
66.7%
Ramon Gerardo Antonio EstevezMartin Sheen
66.7%
Carlos Irwin Estévez Charlie Sheen
66.7%
Dwayne Douglas JohnsonThe Rock
66.7%
Gordon Matthew SumnerSting
66.7%
Winona Laura HorowitzWinona Ryder
66.7%
Marion MorrisonJohn Wayne
61.9%
Terry Gene BolleaHulk Hogan
61.9%
Robert Matthew Van WinkleVanilla Ice
61.9%
Nicolas CoppolaNicolas Cage
61.9%
Thomas Mapother IVTom Cruise
61.9%
Alecia Beth MooreP!nk
61.9%
Robert Allen ZimmermanBob Dylan
57.1%
Diane HallDiane Keaton
57.1%
Samuel Langhorne ClemensMark Twain
57.1%
Cornelius Crane ChaseChevy Chase
52.4%
Richard StarkeyRingo Starr
52.4%
Allen Stewart KonigsbergWoody Allen
52.4%
Demetria Gene GuynesDemi Moore
47.6%
Steven Victor TallaricoSteven Tyler
47.6%
Olive May OsmondMarie Osmond
47.6%
Calvin Cordozar Broadus, Jr.Snoop Dogg
47.6%
Marvin Lee AdayMeat Loaf
47.6%
Farookh BulsaraFreddie Mercury
47.6%
Georgios Krylacos PanayiotouGeorge Michael
47.6%
Bret Michael SychakBret Michaels
47.6%
Real Name Stage Name % Correct
Declan Patrick McManusElvis Costello
42.9%
Eric Marlon BishopJamie Foxx
38.1%
Eldrick Tont WoodsTiger Woods
38.1%
Anna Mae BullockTina Turner
38.1%
Ferdinand Lewis Alcindor, JrKareem Abdul-Jabbar
38.1%
Michael John DouglasMichael Keaton
38.1%
Leslie Towne HopeBob Hope
38.1%
Melvin KaminskyMel Brooks
38.1%
Archibald Alexander LeachCary Grant
38.1%
Frances Ethel GummJudy Garland
38.1%
Juel KilcherJewel
38.1%
Timothy Allen DickTim Allen
38.1%
Mark Sinclair VincentVin Diesel
33.3%
Tara Leigh PatrickCarmen Electra
33.3%
Audrey Faith PerryFaith Hill
33.3%
Chaim WeitzGene Simmons
33.3%
Michael Shawn HickenbottomShawn Michaels
33.3%
Issur Danielovitch DemskyKirk Douglas
33.3%
Frederick AusterlitzFred Astaire
33.3%
Dino Paul CrocettiDean Martin
33.3%
Brian WernerMarilyn Manson
33.3%
Olivia Jane CockburnOlivia Wilde
28.6%
Ilyena Vasilievna MironovHelen Mirren
28.6%
Enrique Jose Martin MoralesRicky Martin
28.6%
Vickie Lynn HoganAnna Nicole Smith
28.6%
Randy Mario PoffoRandy Savage
28.6%
Kalpen Suresh ModiKal Penn
28.6%
Laurence TureaudMr. T
28.6%
David Robert JonesDavid Bowie
28.6%
Caryn Elaine JohnsonWhoopi Goldberg
28.6%
Alphonso Joseph D'AbruzzoAlan Alda
28.6%
Anthony IadanzaTony Danza
28.6%
Jonathon LeibowitzJon Stewart
28.6%
Robyn FentyRihanna
23.8%
Real Name Stage Name % Correct
Chad Javon JohnsonChad Ochocinco
23.8%
Tracy Marrow Ice T
23.8%
Krishna BhanjiBen Kingsley
23.8%
Richard Melville HallMoby
23.8%
William Jefferson BlytheBill Clinton
23.8%
Eileen Regina EdwardsShania Twain
19%
Margaret May Emily Anne HyraMeg Ryan
19%
Jun FanBruce Lee
19%
Andre Romelle YoungDr. Dre
19%
Vincent Damon FurnierAlice Cooper
19%
George Peter John CriscuolaPeter Criss
14.3%
Jay Scott GreenspanJason Alexander
14.3%
Roy Harold Scherer Jr.Rock Hudson
14.3%
Amanda Lee RogersPortia de Rossi
9.5%
Steven James AndersonSteve Austin
9.5%
Stanley Harvey Eisen Paul Stanley
9.5%
Randolph Severn Parker IIITrey Parker
9.5%
William West AndersonAdam West
9.5%
Joyce Penelope Wilhelmina FrankenburgJane Seymour
9.5%
Donald James YarmyDon Adams
9.5%
Dianne Desiree BelmontLucille Ball
9.5%
Nathan BirnbaumGeorge Burns
9.5%
Eugene Maurice OrowitzMichael Landon
9.5%
Christian Michael Leonard GainsboroughChristian Slater
9.5%
Maria NuñezMariah Carey
9.5%
Steven Demetre GeorgiouCat Stevens
4.8%
James David RodriguezJames Roday
4.8%
Jerome SilbermanGene Wilder
4.8%
Patsy Ann McClennyMorgan Fairchild
4.8%
Kevin Matthew FowlerKevin Spacey
4.8%
Frederick Karl PruetzelFreddie Prinze
4.8%
George Keefer BrewerGeorge Reeves
4.8%

You're not logged in!

Compare scores with friends on all Sporcle quizzes.
OR
Log In

You Might Also Like...

Show Comments

Extras

Created Jul 1, 2011ReportNominate
Tags:Celebrity Quiz, stage

Top Quizzes Today


Score Distribution

Your Account Isn't Verified!

In order to create a playlist on Sporcle, you need to verify the email address you used during registration. Go to your Sporcle Settings to finish the process.

Report this User

Report this user for behavior that violates our Community Guidelines.

Details: